[Event "Ruhrgebiet Verbandsliga Gruppe 1 1718"]
[Site "Germany"]
[Date "2018.02.25"]
[Round "7.5"]
[White "Stoer, Agnes"]
[Black "Jaeger, Heinz"]
[Result "0-1"]
[WhiteElo "1801"]
[BlackElo "1951"]
[PlyCount "68"]
[EventDate "2017.09.17"]
[EventType "team-tourn"]
[EventRounds "9"]
[EventCountry "GER"]
[SourceTitle "EXT 2022"]
[Source "ChessBase"]
[SourceDate "2021.10.06"]
[SourceVersion "1"]
[SourceVersionDate "2021.10.06"]
[SourceQuality "1"]
[WhiteTeam "Muelheim Nord IV"]
[BlackTeam "Bottrop SV"]
[WhiteTeamCountry "GER"]
[BlackTeamCountry "GER"]

1. c4 e5 2. Nc3 Nc6 3. g3 f5 4. e4 fxe4 5. Bg2 Bc5 6. Nxe4 Bd4 7. d3 Nf6 8. Ne2 d6 9. Nxd4 Nxd4 10. h3 0-0 11. Bg5 Be6 12. Nxf6+ gxf6 13. Bh6 Rf7 14. Rc1 Qd7 15. b3 c6 16. Qh5 Kh8 17. g4 Rg8 18. f4 f5 19. g5 exf4 20. 0-0 Re7 21. Rce1 Bf7 22. Qh4 Rg6 23. Qxf4 c5 24. Kh1 Rge6 25. Rxe6 Rxe6 26. Bd5 Re5 27. Bf3 Qe7 28. h4 Re1 29. Bg2 Bh5 30. Rxe1 Qxe1+ 31. Qf1 Qxh4+ 32. Bh3 Bf3+ 33. Kh2 Qf4+ 34. Kg1 Qg3+ 0-1

[Event "Ruhrgebiet Verbandsklasse Gruppe 1 1617"]
[Site "Germany"]
[Date "2017.02.19"]
[Round "7.5"]
[White "Stoer, Agnes"]
[Black "Brendemuehl, Bernd"]
[Result "1-0"]
[WhiteElo "1829"]
[BlackElo "1849"]
[PlyCount "57"]
[EventDate "2016.09.04"]
[EventType "team-tourn"]
[EventRounds "9"]
[EventCountry "GER"]
[SourceTitle "EXT 2022"]
[Source "ChessBase"]
[SourceDate "2021.10.06"]
[SourceVersion "1"]
[SourceVersionDate "2021.10.06"]
[SourceQuality "1"]
[WhiteTeam "Muelheim Nord IV"]
[BlackTeam "Dortmund FS"]
[WhiteTeamCountry "GER"]
[BlackTeamCountry "GER"]

1. c4 f5 2. g3 Nf6 3. Bg2 e6 4. e3 d5 5. Ne2 c6 6. b3 Bd6 7. Bb2 0-0 8. 0-0 Nbd7 9. d4 Qe8 10. Qc2 Qh5 11. f3 g5 12. Nd2 g4 13. Nf4 Bxf4 14. exf4 gxf3 15. Bxf3 Ng4 16. Bxg4 Qxg4 17. Nf3 Nf6 18. Ne5 Qh5 19. Qd1 Qxd1 20. Raxd1 Re8 21. Rfe1 Bd7 22. Rc1 Rad8 23. Rc2 Ne4 24. Rg2 Re7 25. g4 fxg4 26. Nxg4 Rg7 27. Rxe4 dxe4 28. Nh6+ Kf8 29. Ba3+ 1-0

[Event "Ruhrgebiet Verbandsklasse Gruppe 1 1617"]
[Site "Germany"]
[Date "2016.12.18"]
[Round "5.6"]
[White "Pruefer, Wolfgang"]
[Black "Stoer, Agnes"]
[Result "1-0"]
[WhiteElo "2001"]
[BlackElo "1829"]
[PlyCount "73"]
[EventDate "2016.09.04"]
[EventType "team-tourn"]
[EventRounds "9"]
[EventCountry "GER"]
[SourceTitle "EXT 2022"]
[Source "ChessBase"]
[SourceDate "2021.10.06"]
[SourceVersion "1"]
[SourceVersionDate "2021.10.06"]
[SourceQuality "1"]
[WhiteTeam "Oberhausen SV III"]
[BlackTeam "Muelheim Nord IV"]
[WhiteTeamCountry "GER"]
[BlackTeamCountry "GER"]

1. d4 Nf6 2. Bf4 b6 3. e3 Bb7 4. Nf3 g6 5. h3 Bg7 6. Bd3 0-0 7. Nbd2 Nd5 8. Bh2 c5 9. c3 cxd4 10. cxd4 d6 11. Qb3 h6 12. Be4 e6 13. Nc4 f5 14. Bd3 Ba6 15. Nxd6 Bxd3 16. Qxd3 f4 17. Nc4 g5 18. 0-0 Nc6 19. Qe4 Qd7 20. exf4 Nxf4 21. Rad1 Rac8 22. Rfe1 Nb4 23. Nce5 Qc7 24. a3 Nbd5 25. g3 Nxh3+ 26. Kg2 Nf6 27. Qg6 g4 28. Nxg4 Nxg4 29. Qxg4 Qc6 30. d5 exd5 31. Kxh3 Qf6 32. Nd4 Rc4 33. Qe6+ Kh8 34. Qxf6 Rxf6 35. f4 Rf7 36. Bg1 Re7 37. b3 1-0

[Event "Ruhrgebiet Verbandsklasse Gruppe 1 1617"]
[Site "Germany"]
[Date "2016.11.27"]
[Round "4.4"]
[White "Stoer, Agnes"]
[Black "Funke, Eckhard"]
[Result "1/2-1/2"]
[WhiteElo "1829"]
[BlackElo "1819"]
[PlyCount "47"]
[EventDate "2016.09.04"]
[EventType "team-tourn"]
[EventRounds "9"]
[EventCountry "GER"]
[SourceTitle "EXT 2022"]
[Source "ChessBase"]
[SourceDate "2021.10.06"]
[SourceVersion "1"]
[SourceVersionDate "2021.10.06"]
[SourceQuality "1"]
[WhiteTeam "Muelheim Nord IV"]
[BlackTeam "Guennigfeld SV"]
[WhiteTeamCountry "GER"]
[BlackTeamCountry "GER"]

1. c4 Nf6 2. Nc3 e6 3. g3 d5 4. cxd5 exd5 5. Bg2 c6 6. d3 Bd6 7. f4 Qb6 8. d4 Bf5 9. Nf3 Ne4 10. e3 Bb4 11. Bd2 Bg4 12. 0-0 0-0 13. h3 Bxf3 14. Bxf3 Nxd2 15. Qxd2 Nd7 16. a3 Bxc3 17. Qxc3 Nf6 18. Qc2 Rfe8 19. Rfe1 Ne4 20. Bxe4 Rxe4 21. Re2 Rae8 22. Rae1 Qc7 23. b4 a6 24. Qd2 1/2-1/2

[Event "Ruhrgebiet Verbandsklasse Gruppe 1 1617"]
[Site "Germany"]
[Date "2016.09.04"]
[Round "1.6"]
[White "Stoer, Agnes"]
[Black "Eichhorn, Robin"]
[Result "0-1"]
[WhiteElo "1829"]
[BlackElo "1707"]
[PlyCount "76"]
[EventDate "2016.09.04"]
[EventType "team-tourn"]
[EventRounds "9"]
[EventCountry "GER"]
[SourceTitle "EXT 2022"]
[Source "ChessBase"]
[SourceDate "2021.10.06"]
[SourceVersion "1"]
[SourceVersionDate "2021.10.06"]
[SourceQuality "1"]
[WhiteTeam "Muelheim Nord IV"]
[BlackTeam "Unna SV"]
[WhiteTeamCountry "GER"]
[BlackTeamCountry "GER"]

1. Nf3 Nf6 2. b3 g6 3. g3 Bg7 4. Bb2 d6 5. d4 0-0 6. Bg2 c5 7. dxc5 dxc5 8. 0-0 Nc6 9. Nbd2 Qc7 10. e4 Rd8 11. Bxf6 Bxf6 12. Rb1 Bg4 13. Qc1 Nb4 14. a4 Na2 15. Qa3 Nc3 16. Rbe1 Bd4 17. h3 Bxf3 18. Nxf3 e5 19. b4 cxb4 20. Qxb4 Rac8 21. Qb3 b6 22. Kh2 Qc4 23. Nd2 Qxa4 24. Ra1 Qxb3 25. cxb3 Nb5 26. Ra2 Rc3 27. f4 exf4 28. gxf4 Be3 29. Nc4 Bc5 30. Rb1 a5 31. Bf1 Nd4 32. Ne5 Nf3+ 33. Kg2 Nxe5 34. fxe5 Re8 35. Bc4 Rxe5 36. Rf1 Rg5+ 37. Kh2 Bd6+ 38. Kh1 Rxh3+ 0-1

[Event "Ruhrgebiet Verbandsklasse Gruppe 2 1516"]
[Site "Germany"]
[Date "2015.09.06"]
[Round "1.6"]
[White "Stoer, Agnes"]
[Black "Dekhtyaryuk, Dimitri"]
[Result "1/2-1/2"]
[WhiteElo "1866"]
[BlackElo "1869"]
[PlyCount "42"]
[EventDate "2015.09.06"]
[EventType "team-tourn"]
[EventRounds "9"]
[EventCountry "GER"]
[SourceTitle "EXT 2022"]
[Source "ChessBase"]
[SourceDate "2021.10.06"]
[SourceVersion "1"]
[SourceVersionDate "2021.10.06"]
[SourceQuality "1"]
[WhiteTeam "Muelheim Nord IV"]
[BlackTeam "Eichlinghofen SV"]
[WhiteTeamCountry "GER"]
[BlackTeamCountry "GER"]

1. Nf3 c5 2. b3 d6 3. d4 cxd4 4. Nxd4 Nf6 5. Bb2 g6 6. e3 Bg7 7. Bb5+ Bd7 8. Bxd7+ Nbxd7 9. 0-0 0-0 10. c4 a6 11. Nd2 Ne5 12. N2f3 Ne4 13. Qc2 Nc5 14. Nxe5 Bxe5 15. f4 Bf6 16. Nf3 Bxb2 17. Qxb2 Qb6 18. Qd4 Qc7 19. Rad1 Ne6 20. Qe4 Nc5 21. Qd4 Ne6 1/2-1/2

[Event "BL2 West 1415 (Women)"]
[Site "Germany"]
[Date "2014.09.28"]
[Round "2.2"]
[White "Stoer, Agnes"]
[Black "Sporkert, Corina"]
[Result "1-0"]
[WhiteElo "1886"]
[BlackElo "1826"]
[PlyCount "83"]
[EventDate "2014.09.27"]
[EventType "team-tourn"]
[EventRounds "7"]
[EventCountry "GER"]
[SourceTitle "CBM 166 Extra"]
[Source "ChessBase"]
[SourceDate "2015.06.18"]
[SourceVersion "1"]
[SourceVersionDate "2015.06.18"]
[SourceQuality "1"]
[WhiteTeam "Muelheim (W)"]
[BlackTeam "Gelsenkirchen (W)"]
[WhiteTeamCountry "GER"]
[BlackTeamCountry "GER"]

1. Nf3 d5 2. g3 Nc6 3. d4 Nf6 4. Bg2 Bf5 5. Bf4 e6 6. a3 Bd6 7. Bxd6 Qxd6 8. Nbd2 0-0 9. 0-0 Ne4 10. c3 Nxd2 11. Qxd2 Na5 12. Qd1 Nc4 13. b4 a5 14. Nd2 Nxd2 15. Qxd2 axb4 16. axb4 Qc6 17. Qb2 b6 18. Rxa8 Rxa8 19. Ra1 h6 20. Rxa8+ Qxa8 21. h3 Qa4 22. Qd2 Kf8 23. Kh2 Qb3 24. g4 Bg6 25. h4 Bb1 26. h5 f6 27. f4 Kf7 28. Qe3 c6 29. Bh3 Be4 30. Bg2 Bxg2 31. Kxg2 Qc2 32. Qd3 Qxd3 33. exd3 Ke7 34. c4 dxc4 35. dxc4 Kd6 36. Kf3 b5 37. cxb5 cxb5 38. Ke4 Kc6 39. f5 Kd6 40. fxe6 Kxe6 41. d5+ Kd6 42. Kd4 1-0

[Event "Dortmund Sparkassen op-A"]
[Site "Dortmund"]
[Date "2013.08.03"]
[Round "8"]
[White "Wegelin, Reinhard"]
[Black "Stoer, Agnes"]
[Result "0-1"]
[WhiteElo "1935"]
[BlackElo "1869"]
[PlyCount "72"]
[EventDate "2013.07.27"]
[EventType "swiss"]
[EventRounds "9"]
[EventCountry "GER"]
[SourceTitle "CBM 155 Extra"]
[Source "ChessBase"]
[SourceDate "2013.08.26"]
[SourceVersion "1"]
[SourceVersionDate "2013.08.26"]
[SourceQuality "1"]

1. d4 Nf6 2. f3 d5 3. e4 dxe4 4. Nc3 exf3 5. Nxf3 Bg4 6. h3 Bh5 7. g4 Bg6 8. Ne5 Nbd7 9. Nxg6 hxg6 10. Qf3 c6 11. Bc4 e6 12. Rf1 Nb6 13. Bb3 Qd7 14. Be3 Nfd5 15. Nxd5 Nxd5 16. Bd2 a5 17. a3 a4 18. Ba2 b5 19. c4 Nc7 20. 0-0-0 Ra7 21. cxb5 cxb5 22. Kb1 Nd5 23. Rde1 Kd8 24. Re5 Bd6 25. Bxd5 Bxe5 26. Bc6 Qxd4 27. Bc3 Qc5 28. Rd1+ Kc8 29. Bb4 Qb6 30. Qe2 Bf4 31. Rd3 Rc7 32. Bxb5 Qg1+ 33. Ka2 Qa7 34. Rd4 Qxd4 35. Ba6+ Kd8 36. Qb5 Qd5+ 0-1

[Event "Dortmund Sparkassen op-A"]
[Site "Dortmund"]
[Date "2013.07.30"]
[Round "4"]
[White "Stoer, Agnes"]
[Black "Dyballa, Gerhard"]
[Result "1/2-1/2"]
[WhiteElo "1869"]
[BlackElo "1970"]
[PlyCount "82"]
[EventDate "2013.07.27"]
[EventType "swiss"]
[EventRounds "9"]
[EventCountry "GER"]
[SourceTitle "CBM 155 Extra"]
[Source "ChessBase"]
[SourceDate "2013.08.26"]
[SourceVersion "1"]
[SourceVersionDate "2013.08.26"]
[SourceQuality "1"]

1. Nf3 Nf6 2. b3 d5 3. Bb2 e6 4. g3 c5 5. Bg2 Nc6 6. 0-0 Bd6 7. d4 0-0 8. e3 b6 9. Nc3 Ba6 10. Re1 Rc8 11. e4 dxe4 12. Nxe4 Be7 13. dxc5 Nxe4 14. Rxe4 Bxc5 15. Qe1 Qe7 16. Rg4 f6 17. a3 Bb7 18. Rh4 Nd8 19. Qd2 Nf7 20. Qd3 g6 21. b4 Rfd8 22. Qe2 Bd6 23. Re1 e5 24. Nd4 Bxg2 25. Kxg2 Qb7+ 26. Qf3 Qxf3+ 27. Nxf3 g5 28. Rhe4 Rxc2 29. R4e2 Rdc8 30. h3 a5 31. bxa5 bxa5 32. Nh2 Nd8 33. Ng4 Kf7 34. Ne3 Rxe2 35. Rxe2 Ke6 36. Rd2 f5 37. Nxf5 Kxf5 38. Rxd6 Ne6 39. g4+ Kf6 40. Ra6 Rc2 41. Rb6 Rc4 1/2-1/2

[Event "Oberhausen op"]
[Site "Oberhausen"]
[Date "2013.03.28"]
[Round "1"]
[White "Stoer, Agnes"]
[Black "Wolter, Detlef"]
[Result "0-1"]
[WhiteElo "1843"]
[BlackElo "2250"]
[PlyCount "54"]
[EventDate "2013.03.28"]
[EventType "swiss"]
[EventRounds "7"]
[EventCountry "GER"]
[SourceTitle "CBM 153 Extra"]
[Source "ChessBase"]
[SourceDate "2013.04.22"]
[SourceVersion "1"]
[SourceVersionDate "2013.04.22"]
[SourceQuality "1"]

1. Nf3 d6 2. d4 f5 3. c4 Nf6 4. Nc3 g6 5. g3 Bg7 6. Bg2 0-0 7. 0-0 e6 8. Bg5 h6 9. Bd2 Qe8 10. Qc1 Kh7 11. Re1 Ne4 12. e3 Na6 13. a3 c6 14. Rb1 e5 15. dxe5 Nac5 16. Qc2 dxe5 17. b4 Nxd2 18. Qxd2 Ne6 19. Qd6 e4 20. Nd4 Qf7 21. Nxe6 Bxe6 22. Na4 Rfd8 23. Qc5 b6 24. Nxb6 axb6 25. Qxb6 Bxc4 26. Rec1 Bd3 27. Rd1 Rdb8 0-1

[Event "GER-chT U20 Girls"]
[Site "Osnabrueck"]
[Date "2011.12.27"]
[Round "1.2"]
[White "Bruehan, Caren"]
[Black "Stoer, Agnes"]
[Result "0-1"]
[WhiteElo "1505"]
[BlackElo "1810"]
[PlyCount "66"]
[EventDate "2011.12.27"]
[EventType "team-swiss"]
[EventRounds "7"]
[EventCountry "GER"]
[SourceTitle "CBM 146 Extra"]
[Source "ChessBase"]
[SourceDate "2012.02.29"]
[SourceVersion "1"]
[SourceVersionDate "2012.02.29"]
[SourceQuality "1"]
[WhiteTeam "Heusweiler SC Reti (W)"]
[BlackTeam "Muelheim Nord (W)"]
[WhiteTeamCountry "GER"]
[BlackTeamCountry "GER"]

1. d4 Nf6 2. Nf3 e6 3. e3 c5 4. c3 Nc6 5. Bd3 Be7 6. 0-0 0-0 7. Nbd2 d5 8. Re1 cxd4 9. exd4 a6 10. a4 Qc7 11. Nf1 Bd6 12. Bg5 Nd7 13. Bc2 Ne7 14. Bh4 Nb6 15. Bxh7+ Kxh7 16. Ng5+ Kh6 17. Ng3 g6 18. Nh3 Nf5 19. Bg5+ Kg7 20. Qg4 Nxg3 21. hxg3 Be7 22. Bf4 e5 23. Bxe5+ Qxe5 24. Rxe5 Bxg4 25. Rxe7 Bd7 26. a5 Bxh3 27. gxh3 Nc4 28. Rxb7 Rfb8 29. Rxb8 Rxb8 30. b4 Rc8 31. f3 Nd2 32. Rc1 Nb3 33. Kf2 Nxc1 0-1

[Event "Dortmund Sparkassen op-B"]
[Site "Dortmund"]
[Date "2011.07.28"]
[Round "6"]
[White "Schueller, Tobias"]
[Black "Stoer, Agnes"]
[Result "1-0"]
[WhiteElo "1910"]
[BlackElo "1842"]
[PlyCount "115"]
[EventDate "2011.07.23"]
[EventType "swiss"]
[EventRounds "9"]
[EventCountry "GER"]
[SourceTitle "EXT 2013"]
[Source "ChessBase"]
[SourceDate "2012.11.22"]
[SourceVersion "1"]
[SourceVersionDate "2012.11.22"]
[SourceQuality "1"]

1. d4 Nf6 2. c3 e6 3. Bf4 d5 4. e3 c5 5. Nf3 Nc6 6. Bd3 Bd6 7. Bxd6 Qxd6 8. 0-0 cxd4 9. exd4 0-0 10. Re1 Qf4 11. Qd2 Qxd2 12. Nbxd2 Bd7 13. Ne5 Rac8 14. f4 Ne7 15. Ndf3 Ng6 16. g3 Rc7 17. f5 exf5 18. Nxd7 Nxd7 19. Bxf5 Nb6 20. Re2 Rd8 21. Rae1 Kf8 22. Bd3 Nc4 23. Bxc4 dxc4 24. Ne5 Ne7 25. Nxc4 Ng6 26. Nd6 Rcd7 27. Nf5 Rc7 28. h4 h5 29. Nd6 Re7 30. Rxe7 Nxe7 31. Nc4 Nf5 32. Kf2 b5 33. Na3 b4 34. Nc2 bxc3 35. bxc3 Rc8 36. Ne3 Nd6 37. Nd5 Nb5 38. Re3 Rc4 39. Ke1 Ra4 40. Re2 g6 41. Rb2 a6 42. Ke2 Ra3 43. Kd3 Nd6 44. Ne3 Nb5 45. Rb3 Rxa2 46. c4 Nd6 47. d5 Ke7 48. Rb8 Ra3+ 49. Kd4 Ra5 50. Ra8 Ra4 51. Ra7+ Kf6 52. Rd7 Nb5+ 53. Kc5 Na3 54. d6 Ke6 55. Re7+ Kf6 56. Nd5+ Kf5 57. d7 Rxc4+ 58. Kb6 1-0

[Event "Dortmund Sparkassen op-B"]
[Site "Dortmund"]
[Date "2011.07.24"]
[Round "2"]
[White "Truemper, Michael"]
[Black "Stoer, Agnes"]
[Result "0-1"]
[WhiteElo "1601"]
[BlackElo "1842"]
[PlyCount "56"]
[EventDate "2011.07.23"]
[EventType "swiss"]
[EventRounds "9"]
[EventCountry "GER"]
[SourceTitle "EXT 2013"]
[Source "ChessBase"]
[SourceDate "2012.11.22"]
[SourceVersion "1"]
[SourceVersionDate "2012.11.22"]
[SourceQuality "1"]

1. d4 e6 2. e4 d5 3. Nc3 Bb4 4. Bd3 Nc6 5. Nf3 Nge7 6. 0-0 0-0 7. a3 Ba5 8. Bd2 Bb6 9. Be3 f5 10. Ne2 dxe4 11. Ng5 exd3 12. Nf4 Rf6 13. c3 h6 14. Ngh3 Nd5 15. Nh5 Rg6 16. N3f4 Nxf4 17. Nxf4 Rf6 18. Qf3 Ne7 19. Nxd3 Qd5 20. Qh5 Qd8 21. Ne5 f4 22. Bd2 Rf5 23. Qh4 Nc6 24. Qxd8+ Nxd8 25. Ng6 Kf7 26. Nxf4 c5 27. Ne2 Nc6 28. Ng3 Rd5 0-1

[Event "GER-ch U18 Girls"]
[Site "Oberhof"]
[Date "2010.05.28"]
[Round "8"]
[White "Stoer, Agnes"]
[Black "Erofeev, Anastasia"]
[Result "1/2-1/2"]
[WhiteElo "1877"]
[BlackElo "1624"]
[PlyCount "37"]
[EventDate "2010.05.22"]
[EventType "swiss"]
[EventRounds "9"]
[EventCountry "GER"]
[SourceTitle "CBM 136 Extra"]
[Source "ChessBase"]
[SourceDate "2010.07.02"]
[SourceVersion "2"]
[SourceVersionDate "2010.07.15"]
[SourceQuality "1"]

1. e4 e5 2. Nf3 Nc6 3. Bc4 Bc5 4. d3 Nf6 5. Nbd2 0-0 6. h3 d5 7. Bb3 Be6 8. c3 Qe7 9. 0-0 Rad8 10. Qe2 Nh5 11. exd5 Bxd5 12. Bxd5 Rxd5 13. Qe4 Rfd8 14. Nb3 Bb6 15. Nh4 Qe6 16. Qf3 g6 17. g4 Ng7 18. Be3 f5 19. Qe2 1/2-1/2